000 00709nas a2200253 4500
001 BR0705178
003 BR-BrBNA
005 20231205111141.0
007 ta
008 230509b bl.|||p| |||| 00| 00por d
040 _aBR-BrBNA
_bpor
_cBiblioteca Nacional de Agricultura
041 _a(En)
072 _aF70
100 1 _aTryon, R.M.
100 1 _aConant D.S.
245 1 _aThe ferns of brazilian Amazonia
650 _aPTERIDÓFITA
650 _aTAXONOMIA VEGETAL
650 _aDISTRIBUIÇÃO GEOGRÁFICA
650 _aAMAZONIA
773 0 _tActa Amazonica (Brasil)
_xISSN 0044-5967
_g(Apr 1975), v. 5(1) p. 23-34
_wBR0705178
909 _a202311
_bLúcia
_c55
_dLúcia Elande
942 _2AGRIS
_n0
_cANA
999 _c190966
_d190966